000 01533cam a22003374a 4500
001 15863813
003 OSt
005 20260313161515.0
008 090811s2009 miu 000 0 eng
010 _a 2009032335
020 _a9781572932579
035 _a15863813
040 _aDLC
_cDLC
_dDLC
050 0 0 _aBV4909
_b.H74 2009
082 0 0 _a248.8/6
_222
100 1 _aHubbard, M. Gay,
_d1931-
245 1 0 _aMore than an aspirin :
_ba Christian perspective on pain and suffering /
_cGay Hubbard.
260 _aGrand Rapids, MI :
_bDiscovery House Publishers,
_cc2009.
300 _a350 p. ;
_c21 cm.
336 _atext
_btxt
_2rdacontent
337 _aunmediated
_bn
_2rdamedia
338 _avolume
_bnc
_2rdacarrier
505 0 _aDoes God promise a happy ending? -- Whose fault is this anyway? -- How can I discover where I am? -- How can I think sensibly about pain? -- How can I live productively with pain? -- How do I evaluate self-care? -- How can I deal with the pain of failure? -- What difference does community make? -- How can I pray in this pain? -- Can I end up where I intended to be?
650 0 _aPain
_xReligious aspects
_xChristianity.
650 0 _aSuffering
_xReligious aspects
_xChristianity.
650 0 _aConsolation.
906 _a7
_bcbc
_corignew
_d1
_eecip
_f20
_gy-gencatlg
942 _2lcc
_cBK
999 _c21413
_d21412